| 000 | 00580nam a2200217Ia 4500 | ||
|---|---|---|---|
| 003 | 0100 | ||
| 008 | 130303s9999 xx 000 0 und d | ||
| 040 | _cARRUPELIB | ||
| 050 | _aB504 .S2 1966 | ||
| 245 | _aGreek and Roman Philosophy after Aristotle | ||
| 260 | _aNew York | ||
| 260 | _bThe Free Press | ||
| 260 | _C1966 | ||
| 300 | _ax | ||
| 300 | _b 371p. 21cm. | ||
| 440 | _aReadings in the history of philosophy | ||
| 650 | _aPHILOSOPHY | ||
| 650 | _bClergy -- Australia -- Fiction Historical fiction Gsafd | ||
| 700 | _aSaunders, Jason Lewis (ed) | ||
| 942 | 0 | 0 | _03 |
| 999 |
_c16898 _d16898 |
||